000 00437nam a2200157Ia 4500
999 _c588
_d588
003 OSt
005 20210916124708.0
008 190216s9999||||xx |||||||||||||| ||und||
040 _coclc
082 _21st Ed.
_a892.7
_bDAR/A
245 0 _aAl Adab Al Arab Al Massir /
260 _bDaru A Nahlath Al Arabiyya,
_c1999.
_aBairoot:
300 _a146p
650 _aArabic
942 _cBK
_2ddc
_h892.7
_iDAR/A
_k892.7
_mDAR/A